000 00443nam a2200145Ia 4500
008 210430s9999 xx 000 0 und d
020 _a0-8412-0917-0
082 _a808.06654 A187 A
100 _aEdited by Janet S.Dodd,
_9127198
245 4 _aThe ACS Style Guide: A manual for authors and editors
260 _aWashington DC
_bAmerican Chemical Society
_c1986
300 _a264p
700 _aMarianne C. Brogan
_9127199
942 _cBK
_2ddc
999 _c564486
_d564486